=LDR 00000nam 2200000 4500 =001 INLIS000000000030306 =005 20130612132448 =008 ***********************************Ind** =035 ##$$0010-061300000030306 =041 ##$$a Ind =082 ##$$a 664.028 =090 ##$$a 664.028, Sya t =100 ##$$a Syarief, Rizal =245 ##$$a Teknologi penyimpanan pangan, Rizal Syarief =260 ##$$a 1991 $b Jakarta =300 ##$$a x, 347 hlm, ilus, 24 cm =650 ##$$a Makanan - Presentasi =850 ##$$a NBPNMAT =990 ##$$a 73857385 =990 ##$$a 01201436249